|
|
|
|
| LEADER |
00000nas a22000007a 4500 |
| 001 |
ssj0009013 |
| 003 |
WaSeSS |
| 005 |
20200512172242.0 |
| 006 |
m d |
| 007 |
cr n |
| 008 |
050614c19869999nyubr pss 0 a0eng c |
| 010 |
|
|
|a 2008215540
|
| 022 |
|
|
|a 1945-7073
|l 0886-6708
|y 0886-6708
|
| 035 |
|
|
|a (WaSeSS)ssj0009013
|
| 037 |
|
|
|b Springer Publishing Co., 11 W. 42nd St. 15th Floor, New York, NY 10036
|
| 040 |
|
|
|a OCLCS
|b eng
|c OCLCS
|d MUQ
|d NSD
|d NTE
|d OCLCQ
|d OCLCF
|d VT2
|d OCLCQ
|d TSC
|d OCLCO
|d OCLCA
|d BUF
|d OCLCO
|d APUMS
|d U3W
|d UAB
|d AU@
|d OCLCO
|d WYU
|d WaSeSS
|
| 042 |
|
|
|a pcc
|a nsdp
|
| 050 |
|
4 |
|a HV6250
|b .V56
|
| 060 |
|
4 |
|a W1
|b VI762H
|
| 082 |
1 |
0 |
|a 364
|2 14
|
| 082 |
0 |
4 |
|a 364.1/5/05
|2 19
|
| 130 |
0 |
|
|a Violence and victims (Online)
|
| 222 |
|
0 |
|a Violence and victims
|b (Online)
|
| 245 |
1 |
0 |
|a Violence and victims
|h [electronic resource].
|
| 260 |
|
|
|a [New York, NY] :
|b Springer Pub. Co.
|
| 310 |
|
|
|a Bimonthly,
|b 2001-
|
| 321 |
|
|
|a Quarterly,
|b 1986-2000
|
| 362 |
1 |
|
|a Print began with v. 1, no. 1 (spring 1986).
|
| 506 |
|
|
|a License restrictions may limit access.
|
| 550 |
|
|
|a Sponsored by: the Family Research Laboratory of the University of New Hampshire.
|
| 588 |
|
|
|a Description based on: Vol. 1, no. 1 (spring 1986); title from caption (IngentaConnect viewed Aug. 6, 2008).
|
| 588 |
|
|
|a Latest issue consulted: Vol. 23, no. 4, 2008 (IngentaConnect viewed Aug. 6, 2008).
|
| 650 |
|
0 |
|a Victims of crimes
|v Periodicals.
|
| 650 |
|
0 |
|a Violent crimes
|v Periodicals.
|
| 650 |
|
6 |
|a Victimes d'actes criminels
|v Périodiques.
|
| 650 |
|
6 |
|a Crimes violents
|v Périodiques.
|
| 650 |
|
7 |
|a Victims of crimes.
|2 fast
|0 (OCoLC)fst01166285
|
| 650 |
|
7 |
|a Violent crimes.
|2 fast
|0 (OCoLC)fst01167321
|
| 650 |
2 |
2 |
|a Crime Victims
|v periodicals.
|
| 650 |
2 |
2 |
|a Violence
|v periodicals.
|
| 655 |
|
0 |
|a Electronic journals.
|
| 710 |
2 |
|
|a University of New Hampshire.
|b Family Research Laboratory.
|
| 776 |
1 |
|
|t Violence and victims
|x 0886-6708
|w (DLC) 86658044
|w (OCoLC)12956058
|
| 856 |
4 |
0 |
|z Full text available from Research Library: 04/01/1986 to 08/31/2016
|u https://search.proquest.com/publication/45619
|